Central Library OPAC University of Rajshahi

America in perspective : (Record no. 2689)

MARC details
000 -LEADER
fixed length control field 01441cam a2200349 a 4500
001 - CONTROL NUMBER
control field 2689
003 - CONTROL NUMBER IDENTIFIER
rucl marc code BD-RjUL
005 - DATE AND TIME OF LATEST TRANSACTION
control field 20211208233612.0
008 - FIXED-LENGTH DATA ELEMENTS--GENERAL INFORMATION
fixed length control field 131212s1986 maua 001 0 eng
020 ## - INTERNATIONAL STANDARD BOOK NUMBER
International Standard Book Number 0395395704 :
035 ## - SYSTEM CONTROL NUMBER
System control number (BD-RjUL)2716
040 ## - CATALOGING SOURCE
Original cataloging agency DLC
Transcribing agency DLC
Modifying agency DLC
Language of cataloging eng
041 ## - LANGUAGE CODE
Language code of text/sound track or separate title eng
082 00 - DEWEY DECIMAL CLASSIFICATION NUMBER
Classification number 303.4973
Edition number 19
Author mark and year AME 1986
245 00 - TITLE STATEMENT
Title America in perspective :
Remainder of title major trends in the United States through the 1990s :
Name of part/section of a work Oxford Analytica / David R. Young
Statement of responsibility, etc. Study Team: Daniel Heath,... [et al.] ; contributors and critiquers: Andrea Boltho ... [et al.].
260 ## - PUBLICATION, DISTRIBUTION, ETC. (IMPRINT)
Place of publication, distribution, etc. Boston :
Name of publisher, distributor, etc. Houghton Mifflin,
Date of publication, distribution, etc. c1986.
300 ## - PHYSICAL DESCRIPTION
Pagination xix, 379 p. :
Illustrations ill. ;
Size 24 cm.
500 ## - GENERAL NOTE
General note Revised and updated report of a study commissioned in 1981 by American Express, Bristol-Myers, and Sun Oil.
General note Includes index.
650 #0 - SUBJECT ADDED ENTRY--TOPICAL TERM
Topical term or geographic name as entry element Economic forecasting
Geographic subdivision United States.
9 (RLIN) 8662
Topical term or geographic name as entry element Social prediction
Geographic subdivision United States.
9 (RLIN) 8663
651 #0 - SUBJECT ADDED ENTRY--GEOGRAPHIC NAME
Geographic name United States
General subdivision Economic conditions
Chronological subdivision 1981-2001.
9 (RLIN) 8664
Geographic name United States
General subdivision Social conditions
Chronological subdivision 1980-
9 (RLIN) 6400
Geographic name United States
General subdivision Politics and government
Chronological subdivision 1981-1989
General subdivision Forecasting.
9 (RLIN) 8665
700 1# - ADDED ENTRY--PERSONAL NAME
Personal name Heath, Daniel...[et al.], ed.
Personal name Young, David R.
Personal name Boltho, Andrea ... [et al.], contributors and critiquers
710 2# - ADDED ENTRY--CORPORATE NAME
Corporate name or jurisdiction name as entry element Oxford Analytica.
9 (RLIN) 8667
942 ## - ADDED ENTRY ELEMENTS (KOHA)
Source of classification or shelving scheme Dewey Decimal Classification
Koha item type Books
Holdings
Lost status Source of classification or shelving scheme Damaged status Not for loan Collection code Permanent Location Current Location Shelving location Date acquired Source of acquisition Cost, normal purchase price Total Checkouts Full call number Date last seen Copy number Koha item type
  Dewey Decimal Classification   Not For Loan Non-fiction Central Library, University of Rajshahi Central Library, University of Rajshahi Reading Room 23/06/1987 Asia Foundation 0.00   303.4973 AME 1986 12/12/2013 C-1 Books